000 00554nam a2200181Ia 4500
003 GCL
008 140319s9999 xx 000 0 ara d
040 _aGCL /
_cGCL
082 0 4 _a810.9
_bم ا
100 1 _aمحمود فوزى
245 1 0 _aانيس منصور : ذلك المجهول /
_cمحمود فوزى
260 _aالقاهرة :
_bمكتبة مدبولى
300 _a275 ص ؛
_c2 سم
490 _aالهيئة العامة للاستعلامات
_v0
650 0 4 _aالادباء
650 0 4 _aانيس منصور
942 _2ddc
_cBK
999 _c48184
_d48184